[Event "GER-chT U18 Girls"]
[Site "Germany"]
[Date "2012.05.04"]
[Round "1.2"]
[White "Mehling, Franziska"]
[Black "Hudde, Marnie"]
[Result "1-0"]
[WhiteElo "1691"]
[BlackElo "800"]
[PlyCount "55"]
[EventDate "2012.05.04"]
[EventType "team-swiss"]
[EventRounds "7"]
[EventCountry "GER"]
[SourceTitle "EXT 2014"]
[Source "ChessBase"]
[SourceDate "2013.11.20"]
[SourceVersion "1"]
[SourceVersionDate "2013.11.20"]
[SourceQuality "1"]
[WhiteTeam "Karlstadt JSG (W)"]
[BlackTeam "Dortmund Kleiner Koenig (W)"]
[WhiteTeamCountry "GER"]
[BlackTeamCountry "GER"]

1. d4 d5 2. c4 Nf6 3. cxd5 Qxd5 4. Nc3 Qc6 5. e3 a6 6. Nf3 Bg4 7. Be2 Bxf3 8. Bxf3 Qb6 9. 0-0 e6 10. a3 Ra7 11. b4 Bd6 12. Bb2 c6 13. Qd3 e5 14. dxe5 Bxe5 15. Rfd1 Nbd7 16. Rac1 Qc7 17. h3 Bxc3 18. Bxc3 0-0 19. Qf5 Qd8 20. Rd2 Qe7 21. Rcd1 Rd8 22. Bxf6 gxf6 23. Rxd7 Rxd7 24. Rxd7 Qe6 25. Qxe6 fxe6 26. Bxc6 Ra8 27. Bxb7 Ra7 28. Bc6 1-0

[Event "NRW-ch U14 Girls"]
[Site "Kranenburg"]
[Date "2009.04.18"]
[Round "7"]
[White "Hudde, Marnie"]
[Black "Pilat, Angelice"]
[Result "0-1"]
[WhiteElo "969"]
[BlackElo "1359"]
[PlyCount "38"]
[EventDate "2009.04.13"]
[EventType "swiss"]
[EventRounds "7"]
[EventCountry "GER"]
[SourceTitle "EXT 2010"]
[Source "ChessBase"]
[SourceDate "2010.11.25"]
[SourceVersion "1"]
[SourceVersionDate "2010.11.25"]
[SourceQuality "1"]

1. e4 e5 2. Nf3 Nc6 3. Nc3 Bc5 4. Nxe5 Bxf2+ 5. Kxf2 Nxe5 6. d4 Nc6 7. Qg4 Qf6+ 8. Bf4 Qxd4+ 9. Be3 Qf6+ 10. Bf4 Nge7 11. Re1 d6 12. Qg3 Be6 13. e5 dxe5 14. Qg5 Qxf4+ 15. Qxf4 exf4 16. a3 0-0-0 17. Kf3 Nd4+ 18. Kxf4 Nxc2 19. Bd3 Rxd3 0-1

[Event "NRW-ch U16 Girls"]
[Site "Kranenburg"]
[Date "2008.03.28"]
[Round "6"]
[White "Hudde, Marnie"]
[Black "Jansen, Nina"]
[Result "1/2-1/2"]
[WhiteElo "785"]
[BlackElo "1028"]
[PlyCount "40"]
[EventDate "2008.03.24"]
[EventType "swiss"]
[EventRounds "7"]
[EventCountry "GER"]
[SourceTitle "EXT 2009"]
[Source "ChessBase"]
[SourceDate "2008.11.26"]
[SourceVersion "1"]
[SourceVersionDate "2008.11.26"]
[SourceQuality "1"]

1. e4 e5 2. Nf3 Nc6 3. Bc4 Bc5 4. d3 Nf6 5. Nc3 a6 6. Bg5 h6 7. Bh4 b5 8. Bd5 0-0 9. Bxc6 dxc6 10. Nxe5 Qd4 11. Nxc6 Qd6 12. Na5 Qf4 13. Bg3 Qg5 14. d4 Rd8 15. Nc6 Re8 16. e5 Bb6 17. 0-0 Nh5 18. Qf3 Nxg3 19. fxg3 Be6 20. Ne4 Qg6 1/2-1/2